<?xml version="1.0" encoding="UTF-8"?>
<record
    xmlns:xsi="http://www.w3.org/2001/XMLSchema-instance"
    xsi:schemaLocation="http://www.loc.gov/MARC21/slim http://www.loc.gov/standards/marcxml/schema/MARC21slim.xsd"
    xmlns="http://www.loc.gov/MARC21/slim">

  <leader>02628nam a2200349 i 4500</leader>
  <controlfield tag="003">OSt</controlfield>
  <controlfield tag="005">20210108130619.0</controlfield>
  <controlfield tag="007">ta</controlfield>
  <controlfield tag="008">201112m20192020ck     er     000 0 spa d</controlfield>
  <datafield tag="020" ind1=" " ind2=" ">
    <subfield code="a">9788408035152</subfield>
  </datafield>
  <datafield tag="020" ind1=" " ind2=" ">
    <subfield code="a">9789584237033</subfield>
  </datafield>
  <datafield tag="020" ind1=" " ind2=" ">
    <subfield code="a">9584237039</subfield>
  </datafield>
  <datafield tag="040" ind1=" " ind2=" ">
    <subfield code="a">CO-BoRNBP</subfield>
    <subfield code="b">spa</subfield>
    <subfield code="e">rda</subfield>
    <subfield code="c">CO-BoRNBP</subfield>
  </datafield>
  <datafield tag="041" ind1="1" ind2=" ">
    <subfield code="a">spa</subfield>
    <subfield code="h">eng</subfield>
  </datafield>
  <datafield tag="082" ind1="0" ind2="4">
    <subfield code="a">507.2</subfield>
    <subfield code="b">S13m</subfield>
  </datafield>
  <datafield tag="100" ind1="1" ind2=" ">
    <subfield code="a">Sagan, Carl</subfield>
    <subfield code="d">1934-1996</subfield>
    <subfield code="e">autor</subfield>
    <subfield code="9">6178</subfield>
  </datafield>
  <datafield tag="245" ind1="1" ind2="3">
    <subfield code="a">El mundo y sus demonios</subfield>
    <subfield code="b">la ciencia como una luz en la oscuridad</subfield>
    <subfield code="c">Carl Sagan ; traducci&#xF3;n de Dolors Udina</subfield>
  </datafield>
  <datafield tag="250" ind1=" " ind2=" ">
    <subfield code="a">Vig&#xE9;sima quinta edici&#xF3;n</subfield>
  </datafield>
  <datafield tag="264" ind1=" " ind2="1">
    <subfield code="a">Bogot&#xE1;</subfield>
    <subfield code="b">Editorial Planeta colombiana</subfield>
    <subfield code="c">2019</subfield>
    <subfield code="c">2020</subfield>
  </datafield>
  <datafield tag="300" ind1=" " ind2=" ">
    <subfield code="a">493 p&#xE1;ginas</subfield>
    <subfield code="c">23 cm</subfield>
  </datafield>
  <datafield tag="336" ind1=" " ind2=" ">
    <subfield code="a">texto</subfield>
    <subfield code="b">txt</subfield>
    <subfield code="2">rdacontent</subfield>
  </datafield>
  <datafield tag="337" ind1=" " ind2=" ">
    <subfield code="a">sin mediaci&#xF3;n</subfield>
    <subfield code="b">n</subfield>
    <subfield code="2">rdamedia</subfield>
  </datafield>
  <datafield tag="338" ind1=" " ind2=" ">
    <subfield code="a">volumen</subfield>
    <subfield code="b">nc</subfield>
    <subfield code="2">rdacarrier</subfield>
  </datafield>
  <datafield tag="500" ind1=" " ind2=" ">
    <subfield code="a">&#xBF;Estamos al borde de una nueva edad oscura de irracionalismo y superstici&#xF3;n? En este libro conmovedor y argumentado con brillantez, el cient&#xED;fico de renombre internacional Cari Sagan demuestra que el pensamiento cient&#xED;fico es necesario para salvaguardar nuestras instituciones democr&#xE1;ticas y nuestra civilizaci&#xF3;n t&#xE9;cnica. El mundo y sus demonios es su libro m&#xE1;s personal y est&#xE1; m&#xE1;s lleno de historias humanas entra&#xF1;ables y reveladoras que todo lo escrito por Sagan anteriormente. El autor, con las experiencias de su propia infancia y la apasionante historia de los descubrimientos de la ciencia, muestra c&#xF3;mo el m&#xE9;todo del pensamiento racional puede superar prejuicios y supersticiones para dejar al descubierto la verdad, que, con frecuencia, resulta sorprendente.

Desenmascara de forma convincente las &#xAB;abducciones por extraterrestres&#xBB;, los &#xAB;canalizadores&#xBB;, el fraude de los curanderos, la &#xAB;Cara en Marte&#xBB;, entre otras muchas falacias. Rechaza, asimismo, la idea de que la ciencia destruye la espiritualidad o de que es otro sistema arbitrario de creencias. Se pregunta por qu&#xE9; la actividad cient&#xED;fica suele ser hoy estigmatizada, discute los peligros de utilizar mal la ciencia y proporciona un &#xAB;m&#xE9;todo de detecci&#xF3;n de camelos&#xBB; en el pensamiento pol&#xED;tico, social y religioso. Controvertido, provocador, sugestivo, El mundo y sus demonios ser&#xE1; sin duda un libro del que se hablar&#xE1; y discutir&#xE1; con pasi&#xF3;n.</subfield>
  </datafield>
  <datafield tag="521" ind1=" " ind2=" ">
    <subfield code="a">Recomendado para p&#xFA;blico adulto</subfield>
  </datafield>
  <datafield tag="534" ind1=" " ind2=" ">
    <subfield code="t">The demond-haunted world</subfield>
  </datafield>
  <datafield tag="650" ind1="1" ind2="7">
    <subfield code="2">LEMB</subfield>
    <subfield code="a">Ciencia</subfield>
    <subfield code="v">Curiosidades y enigmas</subfield>
    <subfield code="9">74949</subfield>
  </datafield>
  <datafield tag="650" ind1="1" ind2="7">
    <subfield code="2">LEMB</subfield>
    <subfield code="a">Ciencia del espacio</subfield>
    <subfield code="v">Curiosidades y enigmas</subfield>
    <subfield code="9">167687</subfield>
  </datafield>
  <datafield tag="650" ind1="1" ind2="7">
    <subfield code="2">LEMB</subfield>
    <subfield code="a">Ciencia y civilizaci&#xF3;n</subfield>
    <subfield code="v">Curiosidades y enigmas</subfield>
    <subfield code="9">20210</subfield>
  </datafield>
  <datafield tag="700" ind1="1" ind2=" ">
    <subfield code="a">Udina, Dolors</subfield>
    <subfield code="e">traductora</subfield>
    <subfield code="9">9072</subfield>
  </datafield>
  <datafield tag="942" ind1=" " ind2=" ">
    <subfield code="2">ddc</subfield>
    <subfield code="c">BK</subfield>
  </datafield>
  <datafield tag="999" ind1=" " ind2=" ">
    <subfield code="c">12726</subfield>
    <subfield code="d">12726</subfield>
  </datafield>
  <datafield tag="952" ind1=" " ind2=" ">
    <subfield code="0">0</subfield>
    <subfield code="1">0</subfield>
    <subfield code="2">ddc</subfield>
    <subfield code="4">0</subfield>
    <subfield code="7">0</subfield>
    <subfield code="8">GEN</subfield>
    <subfield code="a">BPMOS</subfield>
    <subfield code="b">BPMOS</subfield>
    <subfield code="d">2021-01-08</subfield>
    <subfield code="e">Compra</subfield>
    <subfield code="i">NT</subfield>
    <subfield code="l">17</subfield>
    <subfield code="m">6</subfield>
    <subfield code="o">507.2 S13m</subfield>
    <subfield code="p">MOS500361</subfield>
    <subfield code="r">2026-04-14</subfield>
    <subfield code="s">2026-04-06</subfield>
    <subfield code="t">ej 1</subfield>
    <subfield code="w">2021-01-08</subfield>
    <subfield code="y">BK</subfield>
    <subfield code="z">Ocho dias</subfield>
  </datafield>
</record>
